000 00458nam a22001217a 4500
040 _cHS
082 _a298
100 _aជ្រុន រិទ្ធី
245 _aPost-harvest technology of oilseeds : បច្ចេកវិជ្ជាក្រោយការប្រមូលផលគ្រាប់ធញ្ញជាតិផ្តល់ប្រេង
260 _aRUA
_bជ្រុន រិទ្ធី
_c2008
300 _a37p;
942 _cKB
999 _c10124
_d10124